000 00992cam a2200265 a 4500
001 000019072
005 20200929165920.0
008 810901s1979 ve a b 001 0bspa d
040 _aDO-SdBNP
_bspa
_cBNPHU
082 _a923.587
_bP438f
100 1 _aPérez Vila, Manuel
_93569
245 1 3 _aLa formación intelectual del Libertador /
_cManuel Pérez Vila.
260 _aCaracas, (Venezuela) :
_bEdiciones de la Presidencia de la República,
_c1979.
300 _a255 p. :
_bil. ;
_c23 cm.
490 1 _aContorno bolivariano ;
_v4
500 _a"Apéndice: La biblioteca de Bolivar y las de sus mayores": p. 187-216.
500 _aIncluye índice.
504 _aIncluye referencias bibliográficas
504 _aIncluye notas al pie de las páginas.
600 1 4 _aBOLÍVAR, SIMÓN,
_d1783-1830
_xBIOGRAFÍA
_918453
600 1 4 _aBOLÍVAR, SIMÓN,
_d1783-1830,
_xEDUCACIÓN
_941037
830 0 _aContorno Bolivariano
_v4
_941038
910 _aCatalogación derivada / LC
049 _aBNGR
999 _c18590
_d18590